000 00553nam a2200181Ia 4500
008 100920s9999 xx 000 0 und d
082 _b95158
_a891.463.1 न 06
100 _aबैजल रेखा.
245 _aकिडनॅपिंग.
260 _bपायल पब्लिकेशन, पुणे.
_c2006
300 _a160
_bसाधी
365 _b150
520 _aलघुकथा.
630 _aकिडनॅपिंग.
650 _aलघुकथा.
730 _aकिडनॅपिंग.
942 _cBOOK
999 _c735600
_d735597